Top 30 Brent Faiyaz Songs - Statistics

General Stats
  • This quiz has been taken 4 times
  • The average score is 6 of 30
Answer Stats
# Song Rating % Correct
25. ALL MINE 81
75%
13. Poison 84
75%
11. Stay Down 85
75%
6. Been Away 87
50%
9. DEAD MAN WALKING 85
50%
16. ROLE MODEL 83
50%
15. Trust 84
50%
27. butterflies. 81
25%
12. Clouded 85
25%
5. GRAVITY 87
25%
2. L.A. 89
25%
23. Rehab (Winter in Paris) 82
25%
3. 1 for you. (spring in new york) 89
0%
22. ANGEL 82
0%
4. First World Problemz / Nobody Carez 88
0%
1. full moon. (fall in tokyo) 91
0%
18. Gang Over Luv 83
0%
21. Invite Me 82
0%
20. Let Me Know 82
0%
7. Lovely 86
0%
14. Needed 84
0%
30. No One Knows 80
0%
8. other side. 85
0%
24. Outside All Night 81
0%
28. PRICE OF FAME 81
0%
26. pure fantasy. 81
0%
10. SKIT: WAKE UP CALL 85
0%
19. So Far Gone / Fast Life Bluez 83
0%
17. Talk 2 U 83
0%
29. Target On My Chest 80
0%
No matching quizzes found
Score Distribution
Percent of People with Each Score
Percentile by Number Answered
Your Score History
You have not taken this quiz